000 00697cam a2200241 a 4500
001 000009102
005 20200929161504.0
008 920205s1994 sp 000 0 spa
020 _a8423309150
040 _aDO-SdBNP
_dBNPHU
082 _a863.64
_bS211j, 1994
100 1 _aSánchez Ferlosio, Rafael,
_d1927-
_914762
245 1 3 _aEl Jarama /
_cRafael Sánchez Ferlosio.
250 _a16a ed.
260 _aBarcelona :
_bDestino,
_c1994.
300 _a365 p. ;
_c18 cm.
490 1 _aDestinolibro
_v16
586 _a"Premio Nadal 1955".
650 4 _aNovela española
_91123
650 4 _aLiteratura española
_9632
830 0 _aDestinolibro ;
_v16
_98086
910 _aCatalogación derivada
999 _c8866
_d8866